Rot-weiße Flaggen Teil 2 - Statistiken

Allgemein
  • Dieses Quiz wurde 14 mal gespielt
  • Das Durchschnittsergebnis liegt bei 6 aus 12
Antwortstatistiken
Bildquiz Antwort % Korrekt
England
93%
Grönland
79%
Hong Kong
79%
Gibraltar
64%
Isle of man
64%
Nordirland
50%
Jersey
36%
Nordzypern
29%
Osterinsel
21%
Französisch Polynesien
14%
Guernsey
14%
Tahiti
7%
Keine übereinstimmenden Quizze gefunden
Verteilung der Resultate
Anzahl Personen mit jedem Resultat
Perzentil nach korrekt beantworteten Fragen
Ihre Resultats-Entwicklung
Sie haben dieses Quiz noch nicht gespielt